Biblioteka Instytutu Północnego w Olsztynie

Nienawiść wyznaniowa tłumów za rządów Zygmunta III-go / (Rekord nr 27691)

Szczegóły MARC
000 -Nagłówek
fixed length control field 01644cam a2200421 i 4500
001 - Nr kontrolny bibl., która utworzyła rek.
control field zz2007789614
003 - Siglum bibl., której nr kontr. jest w 001
control field NUKAT
005 - Data i czas ostatniej operacji
control field 20260419180337.0
008 - Elementy pola stałej długości
fixed length control field 070703s1902 pl |000 0 pol c
035 ## - Systemowy numer kontrolny
systemowy numer kontrolny (OCoLC)176951331
035 ## - Systemowy numer kontrolny
systemowy numer kontrolny (NUKAT)zz2007789614
040 ## - Instytucja sporządzająca opis
Instytucja, która sporządziła opis POZN U/HAAC
język katalgowania-trzyzn. kod pol
zasady opisu rda
Instytucja, która sporządziła rekord POZN U/MW
Instytucja, która zmodyfikowała rekord POZN U/MW
-- OLSZT 003/ER
-- KAT U/DB
099 ## - Dowolny opis lokalny sygnatury
symbol klasyfikacji tn_229465
100 1# - Hasło główne-nazwa osobowa
Nazwa osobowa Sobieski, Wacław
Daty biograficzne (1872-1935).
rodzaj współpracy Autor
9 (RLIN) 1298
245 10 - Tytuł właściwy i oznaczenie odpow.
tytuł Nienawiść wyznaniowa tłumów za rządów Zygmunta III-go /
dod. inf. ze s. tyt./ozn. odpow. skreślił Wacław Sobieski.
260 ## - Adres wydawniczy
miejsce wydania, dystrybucji itp. Warszawa :
nazwa wydawcy, dystrybutora itp. nakładem Stefana Dembego,
data wydania, dystrybucji itp. 1902
miejsce druku (Warszawa :
nazwa drukarni Druk. P. Liskauera i W. Babickiego).
300 ## - Opis fizyczny
objętość i/lub forma materiału 199, [4] strony ;
format 24 cm.
336 ## - Content Type
Term Tekst
Code txt
Source rdacontent
337 ## - Media Type
Term Bez urządzenia pośredniczącego
Code n
Source rdamedia
338 ## - Carrier Type
Term Wolumin
Code nc
Source rdacarrier
380 ## - Form of work
Form of work Książki
510 4# - Uwaga o cytowaniu lub źródłach opisu bibliogr.
nazwa źródła PB'1902,
lokaliz. opracowania w źródle strona 30
530 ## - Uwaga o dod. formie fiz. materiału
uwaga o dodatkowej fizycznej formie dokumentu Dostępna również wersja elektroniczna.
648 #7 - SUBJECT ADDED ENTRY--CHRONOLOGICAL TERM
Chronological term 1601-1700
Source of heading or term DBN
9 (RLIN) 36034
650 #4 - Hasło przedmiotowe-nazwa pospolita
nazwa pospolita lub geogr. Kontrreformacja.
źródło hasła DBN
9 (RLIN) 3182
650 #7 - Hasło przedmiotowe-nazwa pospolita
nazwa pospolita lub geogr. Tolerancja religijna
źródło hasła DBN
9 (RLIN) 35618
650 #7 - Hasło przedmiotowe-nazwa pospolita
nazwa pospolita lub geogr. Kontrreformacja
określnik geograficzny Polska
określnik chronologiczny 17 w.
źródło hasła kaba
9 (RLIN) 40289
650 #7 - Hasło przedmiotowe-nazwa pospolita
nazwa pospolita lub geogr. Tolerancja religijna
określnik geograficzny Polska
określnik chronologiczny 17 w.
źródło hasła kaba
9 (RLIN) 28270
651 #7 - Hasło przedmiotowe-nazwa geogr.
nazwa geograficzna Polska
źródło hasła DBN
9 (RLIN) 35076
651 #7 - Hasło przedmiotowe-nazwa geogr.
nazwa geograficzna Polska
określnik rzeczowy życie religijne
określnik chronologiczny 17 w.
źródło hasła kaba
9 (RLIN) 40288
658 ## - Nazwa określająca cel programu nauczania
główny cel programu nauczania Historia
658 ## - Nazwa określająca cel programu nauczania
główny cel programu nauczania Religia i duchowość
658 ## - Nazwa określająca cel programu nauczania
główny cel programu nauczania Socjologia i społeczeństwo
710 2# - Hasło dodatkowe - nazwa ciała zbior.
nazwa ciała zbior. lub nazwa geogr. Piotr Laskauer i S-ka.
rodzaj współpracy Druk
kod rodzaju współpracy prt
9 (RLIN) 12816
710 2# - Hasło dodatkowe - nazwa ciała zbior.
nazwa ciała zbior. lub nazwa geogr. Księgarnia Sortymentowo-Wydawnicza Stefana Dembego.
rodzaj współpracy Nakładca
kod rodzaju współpracy pbl
9 (RLIN) 40287
856 41 - Elektroniczne źródła danych i spos. dost.
URL (Uniform Resource Locator) <a href="https://www.sbc.org.pl/dlibra/publication/12546">https://www.sbc.org.pl/dlibra/publication/12546</a>
942 ## - ADDED ENTRY ELEMENTS (KOHA)
Source of classification or shelving scheme Dewey Decimal Classification
Koha item type pozycje dostępne na miejscu
Egzemplarze
Status wycofania Status zagubienia Klasyfikacja Status uszkodzenia Blokada wypożyczeń Kolekcja Lokalizacja macierzysta Lokalizacja bieżąca Data nabycia Numer akcesji Źródło akcesji Nr inwentarzowy il. wypożyczeń Sygnatura Kod kreskowy Date last seen Price effective from Typ egz.
    Dewey Decimal Classification nieuszkodzona   Pracownia Badań Księgozbiorów Historycznych Biblioteka Instytutu Północnego w Olsztynie Pracownia Badań Księgozbiorów Historycznych 19/04/2026 K-65/1965 kupno 16401   16401 IPWK16658 19/04/2026 19/04/2026 pozycje dostępne na miejscu
Biblioteka Instytutu Północnego, ul. Partyzantów 87, 10-402 Olsztyn, email: biblioteka(at)ip.olsztyn.pl